| 000 | 00881nam a2200277 4500 | ||
|---|---|---|---|
| 001 | 34602 | ||
| 003 | BD-RjUL | ||
| 005 | 20211209052202.0 | ||
| 008 | 720323s1971 fr a b 00010 eng d | ||
| 035 | _a(BD-RjUL)34696 | ||
| 040 |
_aDLC _cDLC _dBOS _dBD-RjUL _beng |
||
| 041 | _aeng | ||
| 082 | 0 | 4 |
_a301.44 _bAPP |
| 245 | 1 | 0 |
_aApproaches to the science of socio-economic development / _cedited by Peter Lengyel. With contributions by Raymond Aron [and others] |
| 260 |
_aParis : _bUnesco, _c1971. |
||
| 300 |
_a383 p. : _bill. ; _c25 cm. |
||
| 350 | _a$7.50 (U.S.) | ||
| 504 | _aIncludes bibliographical references. | ||
| 650 | 0 |
_aEconomic development. _9105263 |
|
| 650 | 0 |
_aEconomic development _xSocial aspects. _98036 |
|
| 700 | 1 | 0 |
_aAron, Raymond, _d1905-1983. _971359 |
| 700 | 1 | 0 |
_aLengyel, Peter, _9105264 |
| 942 |
_2ddc _cBK |
||
| 999 |
_c34602 _d34602 |
||